Vista normal
Vista MARC
Entrada Nombre Personal
Número de registros utilizados en: 1
001 - Número de Control
- control field: 33017
003 - Identificador de Número de Control
- control field: EcQuBN
005 - Fecha y Hora de la última transacción
- Campo de Control: 20170922194639.0
008 - Elementos de Datos de Longitud Fija
- fixed length control field: 170922|| aca||aabn | a|a d
040 ## - Origen de la Catalagación
- Agencia catalogadora original: EcQuBN
- Idioma de la catalogación: spa
100 1# - Asiento Principal--Nombre Personal
- Nombre personal :: Cevallos España, Julio,
- Fecha asociadas con el Nombre : : 1930-
400 1# - Trazado Véase Desde -- Nombre Personal
- Nombre Personal: Cevallos, Julio,
- Fechas asociadas con un nombre : : 1930-2010
670 ## - Fuente de la Información Encontrada
- Fuente citada :: Quito : milenaria joya arquitectónica, 1999:
- Informacion encontrada :: portada (Julio Cevallos España)
678 ## - Información Geográfica o Histórica
- Información Histórica o Biográfica: El Mercurio. Julio Cevallos España; fallece en el 2010: reconocido exponente de la pintura ecuatoriana, realizó un sinnúmero de exposiciones individuales en el Museo de Arte Colonial (1957), en el Centro Ecuatoriano Norteamericano (1963), en el Centro Cultural Ecuatoriano Alemán de Guayaqui (1965), en la Galería Miró Quito (1993) y su más reciente en la Sala Juan Villafuerte del Ministerio de Cultura (2009)
- Identificador Uniforme de Recursos: http://www.elmercurio.com.ec/228629-ha-fallecido-el-maestro-julio-cevallos-espana/























